000 00354nam a2200157Ia 4500
003 Ost
005 20260225132552.0
008 260225s9999||||xx |||||||||||||| ||und||
040 _cfsic
041 _afre
082 _a440
100 _aMilton santos
_eAuteur
245 0 _aPour une geographie nouvelle /
245 0 _cMilton santos
942 _cكتاب
999 _c34199
_d34199